000 00390nam a2200157Ia 4500
008 230711s9999||||xx |||||||||||||| ||und||
041 _aENG
082 _a720
_bBO-I
100 _aBose,Kausik
245 0 _aInformation networks in india
250 _a1st Ed.
260 _c1994
_anew Delhi
_bEss Ess Publication
300 _a289
650 _aLibrary and Information Science
942 _cBK
999 _c3442
_d3442